| 000 | 00651nam a22002177a 4500 | ||
|---|---|---|---|
| 999 |
_c11291 _d11291 |
||
| 003 | AR-CdUCM | ||
| 008 | 190403b ||||| |||| 00| 0 spa d | ||
| 040 |
_aMUNICIPALIDAD PROVINCIAL DEL CUSCO _cBIBLIOTECA MUNICIPAL DEL CUSCO |
||
| 082 |
_a869.5018 / _bM12 |
||
| 100 |
_aMacedo Arguedas, Alfredo _912315 |
||
| 245 | _aAntología de las letras Puneñas / | ||
| 260 |
_aPuno : _bLaikakota, _c1949. |
||
| 300 |
_a128 páginas ; _bilustraciones, _c24 cm. |
||
| 505 | _aContenido: Poesías. | ||
| 650 |
_aPoesía Peruana _92266 |
||
| 650 |
_aSiglo XX _98 |
||
| 650 |
_aPuno _93897 |
||
| 650 |
_aLiteratos _9754 |
||
| 942 |
_2ddc _cLIBROS |
||
| 945 | _aachl | ||